000
00283 a2200121 4500
005
20250317151901.0
082
_a
380 SPE
100
_a
SPEED, N. C.
245
_a
An Introduction to Commerce
260
_a
London,
_b
Allman & Son,
_c
1964.
300
_a
87p.: table
_c
21cm.
942
_2
ddc
_c
BKS
999
_c
823
_d
823